MARC details
| 000 -CABECERA |
| campo de control de longitud fija |
01109cam a2200289 a 4500 |
| 001 - NÚMERO DE CONTROL |
| campo de control |
000001486 |
| 005 - FECHA Y HORA DE LA ÚLTIMA TRANSACCIÓN |
| campo de control |
20200929145608.0 |
| 008 - DATOS DE LONGITUD FIJA--INFORMACIÓN GENERAL |
| campo de control de longitud fija |
790224s1978 dcua 001 0 spa |
| 040 ## - FUENTE DE LA CATALOGACIÓN |
| Centro catalogador/agencia de origen |
DO-SdBNP |
| Lengua de catalogación |
spa |
| Centro/agencia transcriptor |
BNPHU |
| 082 ## - NÚMERO DE LA CLASIFICACIÓN DECIMAL DEWEY |
| Número de clasificación |
539.7 |
| Número de documento/Ítem |
S122f, 1978 |
| 100 1# - ENTRADA PRINCIPAL--NOMBRE DE PERSONA |
| Nombre de persona |
Saavedra, Igor. |
| 9 (RLIN) |
4909 |
| 245 10 - MENCIÓN DE TÍTULO |
| Título |
Física de partículas / |
| Mención de responsabilidad, etc. |
Igor Saavedra. |
| 250 ## - MENCIÓN DE EDICIÓN |
| Mención de edición |
2a ed. |
| 260 ## - PUBLICACIÓN, DISTRIBUCIÓN, ETC. |
| Lugar de publicación, distribución, etc. |
Washington : |
| Nombre del editor, distribuidor, etc. |
Eva V. Chesneau, |
| Fecha de publicación, distribución, etc. |
1978. |
| 300 ## - DESCRIPCIÓN FÍSICA |
| Extensión |
vii, 101 p. : |
| Otras características físicas |
il. ; |
| Dimensiones |
22 cm. |
| 490 1# - MENCIÓN DE SERIE |
| Mención de serie |
Serie de física |
| 490 1# - MENCIÓN DE SERIE |
| Mención de serie |
Monografía |
| Designación de volumen o secuencia |
no.4 |
| 500 ## - NOTA GENERAL |
| Nota general |
Incluye notas al pie de las páginas |
| 500 ## - NOTA GENERAL |
| Nota general |
En la portada: Deparmento de Ciencias Físicas y Matemática, Universidad de Chile. Santiago, Chile |
| 504 ## - NOTA DE BIBLIOGRAFÍA, ETC. |
| Nota de bibliografía, etc. |
Bibliografía: p. 99. |
| 650 #4 - PUNTO DE ACCESO ADICIONAL DE MATERIA--TÉRMINO DE MATERIA |
| Término de materia o nombre geográfico como elemento de entrada |
Partículas (física nuclear) |
| 9 (RLIN) |
4910 |
| 710 1# - PUNTO DE ACCESO ADICIONAL--NOMBRE DE ENTIDAD CORPORATIVA |
| Nombre de entidad corporativa o nombre de jurisdicción como elemento de entrada |
Universidad de Chile. |
| Unidad subordinada |
Departamento de Ciencias Físicas y Matemáticas. |
| 9 (RLIN) |
4911 |
| 710 1# - PUNTO DE ACCESO ADICIONAL--NOMBRE DE ENTIDAD CORPORATIVA |
| Nombre de entidad corporativa o nombre de jurisdicción como elemento de entrada |
Secretaría General de la Organización de los Estados Americanos (OEA). |
| Unidad subordinada |
Departamento de Asuntos Científicos. |
| 9 (RLIN) |
4912 |
| 830 #0 - PUNTO DE ACCESO ADICIONAL DE SERIE-TÍTULO UNIFORME |
| Título uniforme |
Serie de física |
| 9 (RLIN) |
4913 |
| 830 #0 - PUNTO DE ACCESO ADICIONAL DE SERIE-TÍTULO UNIFORME |
| Título uniforme |
Monografía ; |
| Designación de volumen o secuencia |
no.4 |
| 9 (RLIN) |
4914 |
| 910 ## - DATOS DE OPCIÓN DEL USUARIO (OCLC) |
| Datos de opción del usuario |
En proceso |